| 000 | | | 05737cmc2a2200217#x 450 |
| 001 | | | 4c9039f4-31f5-400c-b54b-176c795cadaa |
| 005 | | | 20230421105233.0 |
| 100 | ## | $a | 20120725l19181918k y0rusy0102 ca |
| 101 | 0# | $a | rus |
| 102 | ## | $a | RU |
| 200 | 1# | $a | О пособиях и ссудах земствам, о порядке выдачи пособия семьям призванных на войну |
| | $a | Об обеспечении семей медицинского персонала на случай смерти от заразных болезней |
| | $j | 22 октября 1918 |
| 251 | ## | $c | Дело |
| 215 | ## | $a | 92 листа |
| 225 | 0# | $a | Фонд Юридическое совещание при Временном Всероссийском Правительстве, гг. Уфа, Омск |
| | $h | Опись № 1 |
| 300 | ## | $a | Заглавие на папке: Материалы по Министерству Внутренних Дел. О пособиях и ссудах земствам, о порядке выдачи пособия семьям призванных на войну. Об обеспечении семей медицинского персонала на случай смерти от заразных болезней |
| 300 | ## | $a | Заголовок дела также: О пособиях и ссудах земствам, о порядке выдачи пособия семьям призванных на войну |
| 517 | 1# | $a | Материалы по Министерству Внутренних Дел. О пособиях и ссудах земствам, о порядке выдачи пособия семьям призванных на войну. Об обеспечении семей медицинского персонала на случай смерти от заразных болезней |
| 517 | 1# | $a | О пособиях и ссудах земствам, о порядке выдачи пособия семьям призванных на войну |
| 461 | #0 | $1 | 0016df0444f-b79e-47e8-ae5b-b418cb150aef |
| | $1 | 2001 |
| | $a | Юридическое совещание при Временном Всероссийском правительстве. Уфа, Омск |
| | $1 | 251 |
| | $c | Фонд |
| | $1 | 852 |
| | $g | Р |
| | $j | 192 |
| 801 | #0 | $a | RU |
| | $b | НПО Опыт |
| | $c | 20120725 |
| 801 | #1 | $a | RU |
| | $b | НПО Опыт |
| | $c | 20120725 |
| | $2 | rusmarc |
| 801 | #2 | $a | RU |
| | $b | ПБ им. Б.Н. Ельцина |
| | $c | 20150319 |
| | $g | RCR |
| | $2 | rusmarc |
| 850 | ## | $a | Государственный архив Российской Федерации |
| 852 | ## | $a | ГА РФ |
| | $j | 57 |
| 937 | ## | $d | 23649432 |
| | $h | 13-гк. 2012 |
| 035 | ## | $a | RuPRLIBР019201057 |
| 122 | 0# | $a | d19181022## |
| 462 | #0 | $1 | 00175809c8e-a5c8-4e49-b79c-5bd4cd76a142 |
| | $1 | 2001 |
| | $a | Юридическое совещание при Временном Всероссийском правительстве, гг. Уфа, Омск. 1918 г. |
| | $v | Д. 57 |
| | $1 | 251 |
| | $c | Опись |
| | $1 | 852 |
| | $j | 1 |
| 606 | 1# | $2 | prlib_sh |
| | $3 | LIBNET\UAF\0000106847 |
| | $a | Семьи военнослужащих |
| | $j | Архивные дела |
| | $x | Социальная помощь |
| | $y | Россия |
| | $z | 1914 - 1918 |
| 606 | 1# | $2 | prlib_sh |
| | $3 | LIBNET\UAF\0000106916 |
| | $a | Медицинские работники |
| | $j | Архивные дела |
| | $x | Социальная помощь |
| | $y | Россия |
| | $z | 1914 - 1918 |
| 605 | ## | $2 | acquisition_Prlib |
| | $3 | LIBNET\UAF\0000106762 |
| | $a | Семья и традиционные семейные ценности в России как основа российской государственности |
| | $l | коллекция |
| 605 | ## | $2 | acquisition_Prlib |
| | $3 | DITM\AF\0000002775 |
| | $a | Власть |
| | $l | коллекция |
| 686 | ## | $2 | rubbk |
| | $a | 63.3(2)535-28ю1 |
| | $v | LBC/M |